Politics of the Chaco Peace Conference: 1935-1939

Gardado en:
Detalles Bibliográficos
Autor Principal: Rout, Leslie B (Author)
Formato: Libro
Idioma:inglés
Publicado: Austin University of Texas 1970
Series:Latin American Monographs, 19
Subjects:
Tags: Engadir etiqueta
Sen Etiquetas, Sexa o primeiro en etiquetar este rexistro!

MARC

LEADER 00000nam a2200000 a 4500
001 UCT9175
003 CL-VaPUC
008 970404e19700000us |||||||||||||||||eng|d
082 0 4 |a 341.73  |b ROU  |2 21 
100 0 |a Rout, Leslie B  |e author  |9 381635 
245 1 0 |a Politics of the Chaco Peace Conference: 1935-1939 
300 |a 268 p 
942 |c BK 
945 |d 19970404 00:00:00  |a cmena 
260 |a Austin  |b University of Texas  |c 1970 
650 0 |a Paz  |9 259242 
650 0 |a Desarme  |9 255227 
650 0 |a Política internacional  |9 255813 
650 0 |a Derecho internacional  |9 255637 
650 7 |a CONFLICTOS INTERNACIONALES  |2 CL-VaPUC  |9 334143 
651 0 |a Bolivia  |9 255454 
651 0 |a Paraguay  |9 255336 
583 |a last modification  |c 20171220 06:18:59  |k Rodrigo Vera 
490 0 |a Latin American Monographs, 19 
999 |c 257594  |d 257592 
952 |0 0  |1 0  |4 0  |6 341_730000000000000_ROU_1970  |7 0  |8 A  |9 281133  |a BIBDER  |b BIBDER  |d 2019-11-19  |i 1823728  |o 341.73 ROU 1970  |p 1823728  |r 2023-01-25  |w 2019-11-19  |y BK  |k DER